ديوان أبى نواس الحسن بن هاني الحكمي / (Record no. 178760)

MARC details
000 -LEADER
fixed length control field 01479namaa22003131i 4500
003 - CONTROL NUMBER IDENTIFIER
control field EG-GICUC
005 - DATE AND TIME OF LATEST TRANSACTION
control field 20260226120819.0
008 - FIXED-LENGTH DATA ELEMENTS--GENERAL INFORMATION
fixed length control field 260226m20022003sy ||||jr|||| 000 0 ara d
040 ## - CATALOGING SOURCE
Original cataloging agency EG-GiCUC
Language of cataloging ara
Transcribing agency EG-GiCUC
Modifying agency EG-GiCUC
Description conventions rda
082 04 - DEWEY DECIMAL CLASSIFICATION NUMBER
Edition number 21
Classification number 811.94
Item number N989di
092 04 - LOCALLY ASSIGNED DEWEY CALL NUMBER (OCLC)
Edition number 21
Classification number 811.94
Item number N989di
099 ## - LOCAL FREE-TEXT CALL NUMBER (OCLC)
Classification number 811.94 N989di
100 0# - MAIN ENTRY--PERSONAL NAME
Personal name أبو نواس،
Dates associated with a name حوالي 756-حوالي 810
Relator term مؤلف.
245 1# - TITLE STATEMENT
Title ديوان أبى نواس الحسن بن هاني الحكمي /
Statement of responsibility, etc. تحقيق غريغور شولر، ايفالد فاغنر
250 ## - EDITION STATEMENT
Edition statement الطبعة الاولى
264 ## - PRODUCTION, PUBLICATION, DISTRIBUTION, MANUFACTURE, AND COPYRIGHT NOTICE
Place of production, publication, distribution, manufacture دمشق (سوريا) :
Name of producer, publisher, distributor, manufacturer دار المدى،
Date of production, publication, distribution, manufacture, or copyright notice 2002-2003
300 ## - PHYSICAL DESCRIPTION
Extent ؛ 4 مجلدات
Other physical details .
Dimensions 24 سم
336 ## - CONTENT TYPE
Source rdacontent
Content type term text
337 ## - MEDIA TYPE
Source rdamedia
Media type term Unmediated
338 ## - CARRIER TYPE
Source rdacarrier
Carrier type term volume
504 ## - BIBLIOGRAPHY, ETC. NOTE
Bibliography, etc. note يشتمل على ارجاعات ببليوجرافية
541 ## - IMMEDIATE SOURCE OF ACQUISITION NOTE
Source of acquisition د. جابر عصفور ؛
Address القاهرة ؛
Method of acquisition إهداء ؛
Date of acquisition 2024.
650 17 - SUBJECT ADDED ENTRY--TOPICAL TERM
Topical term or geographic name entry element الشعر العربى
General subdivision تاريخ ونقد
Chronological subdivision العصر العباسى الاول
Source of heading or term qrmak
651 1# - SUBJECT ADDED ENTRY--GEOGRAPHIC NAME
Source of heading or term qrmak
700 1# - ADDED ENTRY--PERSONAL NAME
Personal name شولر، غريغور
Relator term محقق.
Miscellaneous information المجلد الاول- المجلد الرابع
Title of a work ديوان أبى نواس الحسن بن هانئ الحكمى
700 1# - ADDED ENTRY--PERSONAL NAME
Personal name فاغنر، ايفالد
Relator term محقق.
Miscellaneous information المجلد الثانى- المجلد الثالث
Title of a work ديوان أبى نواس الحسن بن هانئ الحكمى
905 ## - Cataloger and Reviser Names
Cataloger Name Huda
942 ## - ADDED ENTRY ELEMENTS (KOHA)
Source of classification or shelving scheme Dewey Decimal Classification
Koha item type Books
Edition 21
Suppress in OPAC No
Holdings
Withdrawn status Lost status Source of classification or shelving scheme Damaged status Not for loan Home library Current library Date acquired Inventory number Total checkouts Full call number Barcode Date last seen Price effective from Koha item type
    Dewey Decimal Classification   Not for loan المكتبة المركزبة الجديدة - جامعة القاهرة قاعة المكتبات المهداة - الدور الرابع 26.02.2026 175164   811.94 N989di v.1 J.U. 01000100175164001 26.02.2026 26.02.2026 Books
    Dewey Decimal Classification   Not for loan المكتبة المركزبة الجديدة - جامعة القاهرة قاعة المكتبات المهداة - الدور الرابع 26.02.2026 175164   811.94 N989di v.2 J.U. 01000100175164002 26.02.2026 26.02.2026 Books
    Dewey Decimal Classification   Not for loan المكتبة المركزبة الجديدة - جامعة القاهرة قاعة المكتبات المهداة - الدور الرابع 26.02.2026 175164   811.94 N989di v.3 J.U. 01000100175164003 26.02.2026 26.02.2026 Books
    Dewey Decimal Classification   Not for loan المكتبة المركزبة الجديدة - جامعة القاهرة قاعة المكتبات المهداة - الدور الرابع 26.02.2026 175164   811.94 N989di v.4 J.U. 01000100175164004 26.02.2026 26.02.2026 Books
Cairo University Libraries Portal Implemented & Customized by: Eng. M. Mohamady Contacts: new-lib@cl.cu.edu.eg | cnul@cl.cu.edu.eg
CUCL logo CNUL logo
© All rights reserved — Cairo University Libraries
CUCL logo
Implemented & Customized by: Eng. M. Mohamady Contact: new-lib@cl.cu.edu.eg © All rights reserved — New Central Library
CNUL logo
Implemented & Customized by: Eng. M. Mohamady Contact: cnul@cl.cu.edu.eg © All rights reserved — Cairo National University Library